| 000 | 00658nam a22001935i 4500 | ||
|---|---|---|---|
| 001 | 164203 | ||
| 003 | ES-MaACL | ||
| 005 | 20250721062641.0 | ||
| 008 | 050727s1898 xxk | |||||||| ||eng d | ||
| 040 |
_aCAM _bspa _cCAM |
||
| 100 | 0 |
_aRuskin, John, _d1819-1900 _9101026 |
|
| 245 | 1 | 0 |
_aMunera Pulveris _b: six essays on the elements of political economy / _cby John Ruskin. |
| 250 | _a3th small ed. | ||
| 260 |
_aLondon : _bGeorge Allen, _c1898 ( _fprinted by Ballantyne, Hanson & Co.) |
||
| 300 |
_aXXXII, 240 p. ; _c20 cm. |
||
| 650 | 0 | 7 |
_aEconomÃa _2embne _912006 |
| 852 |
_aES-MaACL _jG-10929 _z-- Enc. tela |
||
| 999 |
_c164203 _d164203 |
||